000 00983nam a22002537a 4500
005 20251108174521.0
008 250721s2007 xx 000 0 ara d
020 _a9960979385
082 1 4 _aم/028/سوي
100 1 _aالسويدان، طارق محمد
_eمؤلف
245 1 0 _aالطفل القارئ : كيف تحبب القراءة للأطفال مع منهج قرائي مقترح للأطفال و المربين و قائمة بالكتب المناسبة في المجالات المختلفة /
264 1 _aالكويت :
_bشركة الإنتاج الفكري،
_c2007.
300 _a123 ص.
490 0 _aصناعة الثقافة
_v3
650 1 7 _aالثقافه
650 1 7 _aالقرااه
650 1 7 _aتشجيع القرااه
650 1 7 _aتعليم القرااه
650 1 7 _aالمكتبات
650 1 7 _aمراكز المعلومات
700 1 _aباشراحيل، فيصل عمر
_eمؤلف
942 _2ddc
_cREF
999 _c111210
_d111210